Sports teams- N America - Statistics

General Stats
  • This quiz has been taken 14 times
  • The average score is 40 of 60
Answer Stats
Stadium Team % Correct
13) Lambeau Field Packers
100%
39) Soldier Field Bears
92%
12) Arrowhead Stadium Chiefs
92%
9) Madison Square Garden (basketball) Knicks
92%
41) Great American Ballpark Reds
92%
16) Wrigley Field Cubs
85%
7) Meadowlands (NFC) Giants
85%
40) Ford Field Lions
85%
60) Globe Life Field Rangers
85%
1) Fenway Park Red Sox
85%
27) Caesars Superdome Saints
85%
29) Nissan Stadium Titans
85%
33) Levis' Stadium 49ers
77%
44) Highmark Stadium Bills
77%
34) Miller Park/American Family Brewers
77%
47) Empower Field at Mile High Broncos
77%
31) Lucas Oil Stadium Colts
77%
22) Barclays Center Nets
77%
6) Gillette Stadium Patriots
77%
8) PNC Park Pirates
77%
5) Tropicana Field Rays
77%
11) NRG Stadium Texans
77%
4) Rogers Centre Blue Jays
69%
46) United Center (basketball) Bulls
69%
36) Busch Stadium Cardinals
69%
48) SoFi Stadium (AFC) Chargers
69%
18) AT&T Stadium Cowboys
69%
28) Everbank Stadium Jaguars
69%
56) Canada Life Centre Jets
69%
3) Camden Yards Orioles
69%
25) Petco Park Padres
69%
49) Bank of America Stadium Panthers
69%
14) Coors Field Rockies
69%
21) Lumen Field Seahawks
69%
57) US Bank Stadium Vikings
69%
26) MinuteMaid/ Daikin Park Astros
62%
38) Paycor Stadium Bengals
62%
53) Truist Park Braves
62%
10) Chase Field Diamondbacks
62%
32) T Mobile Arena Golden Knights
62%
17) Rogers Place Oilers
62%
52) M&T Bank Stadium Ravens
62%
58) Little Caesars Arena Red Wings
62%
2) Comerica Park Tigers
62%
54) Guaranteed Rate Field White Sox
62%
24) Wells Fargo Center 76ers
54%
35) Kauffman Stadium Royals
54%
45) Canadian Tire Centre Senators
54%
15) Target Field Twins
54%
43) Bell Centre Canadiens
46%
59) Northwest Stadium Commanders
46%
23) Scotiabank Saddledome Flames
46%
30) Progressive Field Guardians
46%
20) Climate Pledge Arena Kraken
46%
37) Bridgestone Arena Predators
38%
55) Xcel Energy Center Wild
38%
19) SAP Center Sharks
31%
42) Lenovo Stadium Hurricanes
23%
51) KeyBank Center Sabres
23%
50) Enterprise Stadium Blues
15%
No matching quizzes found
Score Distribution
Percent of People with Each Score
Percentile by Number Answered
Your Score History
You have not taken this quiz